Les pays de fiction ( les pays imaginaires) - Statistiques

Statistiques générales
  • Ce quiz a été pris 437 fois
  • Le résultat moyen est 9 sur 25
Statistiques - réponses
Indice Pays % Correct
Harry y étudie Poudlard
82%
Alice y va Pays des merveilles
81%
Le domaine des dieux Olympe
64%
Les hobbits y vivent La comté
61%
Le roi Arthur y vit Camelot
49%
Un magicien y vit Pays d'oz
49%
Un cheval causa sa perte Troie
49%
Emission de canal + Le Groland
48%
Ville de la famille la plus célèbre des Etats-Unis Springfield
47%
Odin est le seigneur Asgard
46%
Une île engloutie Atlantis
44%
Planète de naissance d'Anakin Tatooine
44%
Royaume de Zelda Hyrule
39%
Planète du film Avatar Pandora
38%
Royaume des Stark Winterfell
37%
Ville protegé par un super heros en collant bleu Metropolis
36%
Planete de Piccolo Namek
30%
Pays de Peter Pan Neverland
27%
Planète où on trouve la précieuse épice Dune (Arrakis)
21%
Ville de Marty Mc Fly Hill Valley
13%
Une ile volante Laputa
8%
4 enfants y sont les sauveurs Pays d'Aslan
4%
Etat americain où se trouve Donaldville Calisota
3%
Pays issu du film #Le terminal# Krakozie
3%
Pays des Télétubbies Télétubbyland
1%
Aucun quiz correspondant
Distribution des résultats
% des personnes avec chaque résultat
Percentile par nombre de réponses
Votre historique - résultats
Vous n’avez pas pris ce quiz